| 000 | 00854cam a22001694a 4500 | ||
|---|---|---|---|
| 005 | 20250605163659.0 | ||
| 008 | 250528s ||||||||||||||||||||||||d | ||
| 035 | _a24197 | ||
| 040 |
_aGR-AtMCL _bgre _dGR-AtMCL _eAACR2 |
||
| 245 | 1 | _aΔιευρωπαϊκά Δίκτυα | |
| 260 |
_bΔιοικητική Μονάδα 'Εκδόσεις' _bΟπτικοακουστικός Τομέας, Πληροφόρηση, Επικοινωνία Και Πολιτιστικά Θέματα, _c1994 |
||
| 300 | _a6 | ||
| 520 | _aΗ Προσθήκη Νέας Διάστασης, Ο Ρόλος της Ευρωπαϊκής Ένωσης, Μεταφορές, Διευρωπαϊκά Δίκτυα Μεταφορών - Πρώτα Έργα, Μεταφορά Ενέργειας, Επικοινωνίες. | ||
| 942 | _cCR | ||
| 999 |
_c9092 _d9092 |
||